000 00879nam a2200289 a 4500
999 _c2768
_d2768
006 a||||go||d| 00| 0
007 cr |||||||||||
008 861201s1990 enka o 001 0 eng d
020 _a9780750610131
_c(ebook)
040 _aKO
_beng
044 _aenk
082 0 0 _a623.8503
_220
100 1 _aWatson, G. O.
_q(George Oliphant)
245 1 0 _aMarine electrical practice /
_cG.O. Watson.
250 _a6th ed. rev. /
_bby BP Shipping Limited.
260 _aLondon :
_bButterworths,
_c1990.
300 _a1 online resource
440 0 _aMarine engineering series
504 _aIncludes bibliographical references and index.
650 0 _aShips
_xElectric equipment.
650 0 _aElectrical engineering.
710 2 _aBP Shipping Limited.
856 4 0 _uhttps://www.sciencedirect.com/science/book/9780750610131
904 _aA_BOSE
942 _cEB